000 01773nam a22004337a 4500
001 000105538
003 CHAP
005 20220329143809.0
008 110902s2011 mx r 00010 spa d
010 _a102000
011 _a102972
035 _a113661
040 _cCHAP
090 _aTesis
100 1 _aPérez González, Vladimir.
_989702
245 1 0 _aConservación de orquídeas en el municipio de Jonotla, Puebla, mediante la elaboración de un catálogo de orquideas silvestres y una propuesta para el establecimiento de un orquidario municipal
_h[En línea]
_c/por Vladimir Pérez González.
260 _aChapingo, Méx. :
_bEl autor,
_c2011.
500 _aPara ver el contenido del material haga clic en la liga
502 _aTesis (Ing. en Recursos Naturales Renovables) -- UACH. Departamento de Suelos
590 _aALEPH
_b10
_c20130110
_lUCH01
_h1541
590 _aBATCH-UPD
_b10
_c20130110
_lUCH01
_h1608
590 _aBATCH-UPD
_b10
_c20130410
_lUCH01
_h1004
590 _aBATCH-UPD
_b10
_c20130914
_lUCH01
_h1417
590 _aBATCH-UPD
_b10
_c20140324
_lUCH01
_h1527
590 _aBATCH-UPD
_b10
_c20141002
_lUCH01
_h0850
590 _aCONVERSION
_b10
_c20130109
_lUCH01
_h1356
590 _aE11695DGD
_b10
_c20141006
_lUCH01
_h1117
650 1 4 _aFlores silvestres.
_941744
650 1 4 _aFlores
_xCatálogos y colecciones.
_941365
650 1 4 _aOrquidáceas
_xPuebla.
_983735
650 1 4 _aPlantas silvestres.
_989083
650 1 4 _aViveros ornamentales.
_9120105
856 _3Finding aid
_uhttp://10.13.5.2/tesis/113661.pdf
_zTeclea aquí
901 _aBK
942 _cFOLL
942 _n0
949 _aTesis
_bBC
_cTES
_d33724002302248
_eTS1
_gDonaciØn
_h52662
_i113661
_st
949 _aTesis
_bBC
_cTES
_d33724002302280
_eTS2
_fc.2
_gDonaciØn
_h52663
_i113661
_st
999 _c102000
_d102000